000 00357nam a22001337a 4500
999 _c7662
_d7662
008 190220b ||||| |||| 00| 0 eng d
020 _a9780827364578
082 _a770/.9 20
100 _aLovell, Ronald P.
245 _aTwo centuries of shadow catchers
260 _aAlbany, NY :
_bDelmar Publishers,
_c1996.
300 _aviii, 200 p
_c23 cm.
942 _2ddc